000 00727nam a2200193 i 4500
001 83566
003 ES-MaACL
005 20250905123710.0
007 t|
008 041117s1930 sp ||||1| spa d
100 1 _aJacobi, Ernst.
_965839
245 1 0 _aDerecho cambiario
_b: (la letra de cambio y el cheque) /
_cErnesto Jacobi ; con un estudio sobre la importancia económica de los instrumentos cambiarios por Hans Linhardt ; traducción del alemán con prólogo y notas por W. Roces.
260 _aMadrid :
_bLogos,
_c1930 (
_fImp. Helénica)
300 _a208 p. ;
_c23 cm.
700 1 _aLinhardt, Hans.
_972441
700 1 _aRoces, Wenceslao,
_d1897-1992
_998039
852 _aES-MaACL
_jA-737
999 _c83566
_d83566